000 00589nam a2200181Ia 4500
008 100917s9999 xx 000 0 und d
082 _b11557
100 _aखांबेटे द. पां.
245 _aरूप सुंदर स्त्री हेर
260 _bविश्वमोहिनी प्रकाशन
_c1973
300 _a207
365 _b10
520 _aकथा
630 _aरूप सुंदर स्त्री हेर
650 _aकथा
730 _aरूप सुंदर स्त्री हेर
942 _cBOOK
999 _c616951
_d616948